| 000 | 00724nam a2200217 a 4500 | ||
|---|---|---|---|
| 005 | 20250902063938.0 | ||
| 008 | 030813s1999 ag r 000 0 spa d | ||
| 020 | _a9509467537 | ||
| 035 | _aUPN01000127852 | ||
| 049 | _aCG | ||
| 050 | 4 |
_aBF318 _bC8.2 |
|
| 245 | 0 | 0 |
_aCuando el aprendizaje es un problema / _cSilvia Bleichmar ... [et al.] ; comp. Silvia Schlemenson de Ons. |
| 260 |
_a[Buenos Aires] : _bPaideia : _bMiño y Dávila, _c1999. |
||
| 300 | _a148 p. | ||
| 440 | 0 |
_aEducación. _pAprendizaje |
|
| 650 | 4 |
_aPsicología del aprendizaje _95221 |
|
| 650 | 2 |
_aAprendizaje cognoscitivo _95398 |
|
| 700 | 1 |
_aBleichmar, Silvia _ecoaut. _930170 |
|
| 700 | 1 |
_aSchlemenson de Ons, Silvia, _ecomp. _929979 |
|
| 905 | _aLibro | ||
| 999 |
_c100031 _d100031 |
||